000
00278nam a2200121Ia 4500
008
190216s9999||||xx |||||||||||||| ||und||
100
_a
Rajan C
245
0
_a
Winged Words
260
_b
The Macmillan Press Ltd
_c
1971
300
_a
125p
650
_a
English Poetry
942
_c
BK
999
_c
12534
_d
12534